Sed amigos!: San Francisco de Asís y la amistad cristiana
Spremljeno u:
| Glavni autor: | |
|---|---|
| Format: | Knjiga |
| Jezik: | španjolski |
| Izdano: |
Barcelona
Casa Editorial de Arte Católico
1925
|
| Serija: | Biblioteca de Cultura Franciscana
|
| Teme: | |
| Oznake: |
Dodaj oznaku
Bez oznaka, Budi prvi tko označuje ovaj zapis!
|
MARC
| LEADER | 00000cam a2200000 a 4500 | ||
|---|---|---|---|
| 001 | UCD1042 | ||
| 003 | CL-VaPUC | ||
| 008 | 151231e19250000sp |||||||||||||||||spa|d | ||
| 082 | 0 | 4 | |a 179.9 |b FAC |2 21 |
| 100 | 0 | |a Facchinetti, Victorino |e author |9 584123 | |
| 245 | 1 | 0 | |a Sed amigos!: San Francisco de Asís y la amistad cristiana |
| 300 | |a v | ||
| 942 | |c BK | ||
| 945 | |d 20151231 00:35:00 |a gsalatino | ||
| 260 | |a Barcelona |b Casa Editorial de Arte Católico |c 1925 | ||
| 600 | 0 | 7 | |a SAN FRANCISCO DE ASIS |2 CL-VaPUC |9 342281 |
| 650 | 0 | |a Amistad |9 307341 | |
| 650 | 0 | |a Virtudes |9 309526 | |
| 650 | 0 | |a Valores |9 309628 | |
| 583 | |a last modification |c 20151231 00:35:00 |k Rodrigo Vera | ||
| 490 | 0 | |a Biblioteca de Cultura Franciscana | |
| 999 | |c 362472 |d 362470 | ||
| 952 | |0 0 |1 0 |3 erd |4 0 |6 179_900000000000000_FAC_1925 |7 0 |8 P |9 473748 |a BIBTEO |b BIBTES |c TEO_FTES |h v.2 |i 5275709 |o 179.9 FAC 1925 |p 5275709 |r 2024-01-18 |w 2019-11-24 |y BK |z Catalogado en:20151231 |k ICR | ||